Brunt and six others v Southampton International Airport Ltd (Record no. 74857)

MARC details
000 -LEADER
fixed length control field 01936cab a2200193 4500
001 - CONTROL NUMBER
control field ABS68729
008 - FIXED-LENGTH DATA ELEMENTS--GENERAL INFORMATION
fixed length control field 050228n2005 000 0 eng u
035 ## - SYSTEM CONTROL NUMBER
System control number (Sirsi) u128908
041 ## - LANGUAGE CODE
Language code of text/sound track or separate title eng
245 ## - TITLE STATEMENT
Title Brunt and six others v Southampton International Airport Ltd
260 ## - PUBLICATION, DISTRIBUTION, ETC.
Date of publication, distribution, etc. 2005
520 ## - SUMMARY, ETC.
Summary, etc. Discusses whether alterations to the taxiways and aprons constitute grounds for compensation under the Land Compensation Act 1973 s9(6)(b). B claimed that the value of their properties had been diminished by increased aircraft noise resulting from alterations made at the S's airport. S claimed and the LT ruled that alterations to the taxiways and aprons did not come within the Land Compensation Act 1973 s9(6)(b). B submitted that s9(6)(b) of the Act was satisfied 1) where, although the aircraft throughput was not projected to increase as a result of the alterations, there was a projected increase in aircraft types; 2) because the sole or primary intention of S's parent company was to increase the volume of larger, commercial passenger aircraft using the airport and that the compensating reduction in the number of other aircraft categories using the airport was irrelevant. "Held": the natural meaning in context of the words 'a greater number of aircraft' in s9(6)(b) of the Act was that the 'greater number' was to be assessed with reference to the airport's potential throughput; a scheme, which gave a right to compensation for an increase in aircraft types would be uncertain in effect and not eliminate anomalies. Appeal dismissed.
590 ## - LOCAL NOTE (RLIN)
Local note ABS
650 ## - SUBJECT ADDED ENTRY--TOPICAL TERM
Topical term or geographic name entry element BRUNT AND OTHERS V SOUTHAMPTON INTERNATIONAL AIRPORT LTD
650 ## - SUBJECT ADDED ENTRY--TOPICAL TERM
Topical term or geographic name entry element LAND COMPENSATION ACT 1973 S9(6)(B)
690 ## - LOCAL SUBJECT ADDED ENTRY--TOPICAL TERM (OCLC, RLIN)
Topical term or geographic name as entry element ENVIRONMENTAL AND LAND CONSULTANCY-PLANNING AND DEVELOPMENT-COMPULSORY PURCHASE AND COMPENSATION
856 ## - ELECTRONIC LOCATION AND ACCESS
Uniform Resource Identifier <a href="https://britishcaselaw.co.uk/2005_ewca_civ_93">https://britishcaselaw.co.uk/2005_ewca_civ_93</a>
Public note View the case free of charge at britishcaselaw.co.uk
942 ## - ADDED ENTRY ELEMENTS (KOHA)
Suppress in OPAC 0
Holdings
Withdrawn status Lost status Source of classification or shelving scheme Damaged status Not for loan Home library Current library Shelving location Date acquired Total Checkouts Full call number Barcode Date last seen Copy number Price effective from Koha item type
    Dewey Decimal Classification     London London Journal article 28/02/2005   ABS68729 128908-1001 06/08/2019 1 06/08/2019 Journal article
    Dewey Decimal Classification     Virtual Virtual Online 27/04/2005   ONLINE PUBLICATION 128908-2001 06/08/2019 1 06/08/2019 Law report